000 00652nam a22002057a 4500
001 22216
005 20260410120457.0
008 260410b |||||||| |||| 00| 0 spa d
041 _aESP
082 _a345.733
_bH52
100 _aHighton, Elena I.
245 _aLa función notarial en la comunidad globalizada: Investigación aprobada por UBACyT en el año 2005, correspondiente al proyecto bienal 2001/3 de la facultad de derecho de la universidad de buenos aires, D802
260 _a :
_b ,
_c2005
300 _a211 páginas :
_b ;
_c22 cm.
440 _a ;
650 _aDER
654 _aCDE
700 _a;
942 _cLIB
_dJUS
_fJUS
_n0
_2ddc
999 _c22216
_d22216